[Event "37th Zalakaros Festival 2018"]
[Site "Zalakaros"]
[Date "2018.05.29"]
[Round "5"]
[White "Aczel, Gergely"]
[Black "Szalanczy, Emil"]
[Result "1-0"]
[WhiteElo "2567"]
[BlackElo "2233"]
[Annotator "TA"]
[PlyCount "121"]
[EventDate "2018.??.??"]
[EventType "swiss"]
[EventCountry "HUN"]
[SourceTitle "playchess.com"]
[Source "ChessBase"]
[SourceQuality "1"]

{[%evp 20,121,37,26,93,93,104,104,95,88,102,97,107,102,113,110,104,35,37,41,33,14,25,0,8,-10,44,25,60,0,0,0,64,0,0,0,14,9,13,-25,-19,-83,-69,-103,-36,-152,-136,-289,-129,-112,88,88,85,113,88,88,138,102,100,106,170,87,202,193,201,192,203,183,399,401,401,401,401,392,394,356,490,484,455,341,380,377,692,680,626,619,533,505,542,540,636,620,921,868,837,800,2181,2223,4960,4952,29977,29978,29976,-22]} 1. d4 Nf6 2. c4 g6 3. f3 c5 4. d5 Bg7 5. e4 d6 6. Nc3 O-O 7. Bg5 h6 8. Be3 e6 9. Qd2 exd5 10. cxd5 Re8 11. Be2 {LiveBook: 61 Games} Na6 {A65: Modern Benoni: 6 e4} (11... h5 $11) (11... Nh7 12. Bb5 Nd7 13. Nh3 a6 14. Be2 b5 15. O-O h5 16. Nf2 b4 17. Na4 a5 18. Rac1 Nb6 19. Nxb6 Qxb6 {0-1 (55) Li,S (2520)-Ding,L (2637) Xinghua Jiangsu 2011}) 12. Bxh6 $16 Nxe4 13. Nxe4 {Black must now prevent Bxg7.} Qh4+ {White is better.} 14. g3 Qxh6 {[#]} 15. Nf6+ $146 {[%mdl 512]} ({Predecessor:} 15. Qxh6 Bxh6 16. Nf6+ Kf8 17. Nxe8 Kxe8 18. Bxa6 bxa6 19. Kf2 Rb8 20. Re1+ Kf8 21. b3 a5 22. Ne2 Ba6 23. Nc3 Bd2 24. Ne4 {½-½ (24) Olsen,H-Hoeg,C Copenhagen 1993}) 15... Kf8 (15... Bxf6 16. Qxh6) 16. Nxe8 Qxd2+ 17. Kxd2 Kxe8 18. Re1 (18. Bxa6 $16 bxa6 19. Re1+ Kf8 20. Ne2) 18... Nc7 $14 19. Kc1 Kf8 20. Rd1 b5 21. f4 Bb7 22. Bf3 Re8 (22... a5 $11) 23. h4 Re3 24. h5 (24. Rh2 $14) 24... gxh5 $1 $11 25. Rxh5 a5 ({Black should try} 25... b4 $11) 26. Kd2 ({White should play} 26. Rh2 $1 $14) 26... Re7 27. b3 b4 28. Ne2 Ba6 29. Rc1 Nb5 30. Rh2 (30. Rch1 $1 $11 {remains equal.}) 30... Nc3 {[%mdl 1024] Black has strong compensation.} 31. Rc2 {[%cal Re2c3]} Bb5 (31... a4 $17 32. Kc1 (32. Nxc3 axb3 33. axb3 Bxc3+ 34. Kc1 Re1+ 35. Bd1 Bd3 $15) 32... axb3 33. axb3 Nb5) 32. a4 (32. Nxc3 $15 Bxc3+ 33. Kc1) 32... Ba6 $17 33. g4 $2 {[#]} (33. Nxc3 $17 {might work better.} Bxc3+ 34. Kc1) 33... c4 (33... Nb1+ $1 $19 {has better winning chances.} 34. Kd1 Re3) 34. bxc4 {[%cal Re2c3]} Bxc4 $2 (34... Nb1+ $17 {and life is bright.} 35. Kd3 Na3) 35. Nxc3 $16 bxc3+ 36. Rxc3 Bxc3+ 37. Kxc3 $17 {[%mdl 4096] Endgame KRB-KRB} Bf1 38. Kd2 Rb7 {And now ...Rb2+ would win.} 39. Rh8+ Ke7 {[#]} (39... Kg7 $16 {is a better defense.} 40. Rd8 Rb3) 40. Ra8 (40. g5 $1 $18 Rb3 41. Bh5 Rd3+ 42. Ke1) 40... Rb2+ (40... Rb3 $16 41. Ra7+ Ke8) 41. Ke3 $18 Rb3+ 42. Kf2 Bc4 43. Ra7+ Ke8 $2 (43... Kf8 44. g5 Rb2+ 45. Kg3 Rb3) 44. g5 Rb2+ 45. Kg3 Rb3 {...Bxd5 is the strong threat.} 46. Kg4 Bd3 47. Rxa5 Ra3 48. Ra8+ Ke7 49. Ra7+ Ke8 50. a5 {[%cal Ba4a5,Ba5a6,Ba6a7][%mdl 32]} Ra4 $2 (50... Kf8 51. Rd7 Rxa5 52. Rxd6 Ke7) 51. Kg3 Ra3 52. Kf2 Bg6 53. a6 Ra2+ 54. Kg3 Ra3 55. Kg4 Bd3 56. Ra8+ Ke7 57. a7 Ra4 58. Bd1 Ra3 59. f5 {[%cal Bf4f5,Bf5f6][%mdl 32]} Be4 {[#]} 60. Bb3 $1 {[%mdl 512]} Bg2 (60... Rxb3 61. Re8+) 61. f6+ {[%mdl 32768] Precision: White = 52%, Black = 34%. . Loss on Time!?} 1-0

[Event "37th Zalakaros Festival 2018"]
[Site "Zalakaros"]
[Date "2018.05.29"]
[Round "5"]
[White "Nemeth, Miklos"]
[Black "Horvath, Adam"]
[Result "1/2-1/2"]
[WhiteElo "2491"]
[BlackElo "2481"]
[Annotator "TA"]
[PlyCount "40"]
[EventDate "2018.??.??"]
[EventType "swiss"]
[EventCountry "HUN"]
[SourceTitle "playchess.com"]
[Source "ChessBase"]
[SourceQuality "1"]

{[%evp 14,15,59,56]} 1. e4 c5 2. Nf3 Nc6 3. d4 cxd4 4. Nxd4 Qb6 5. Nb3 Nf6 6. Nc3 e6 7. Bd3 Be7 8. Be3 {LiveBook: 92 Games. B33: Sicilian: Pelikan and Sveshnikov Variations} {Predecessor:} Qc7 $146 9. f4 d6 10. Qf3 a6 11. O-O O-O 12. a4 b6 13. g4 Re8 14. g5 Nd7 15. Qg3 Bf8 16. h4 Nb4 17. h5 Nc5 18. Nxc5 bxc5 19. g6 d5 20. gxf7+ Qxf7 {0-1 (59) Van Foreest,J (2600)-Iturrizaga Bonelli,E (2662) Vlissingen 2017} 1/2-1/2

[Event "37th Zalakaros Festival 2018"]
[Site "Zalakaros"]
[Date "2018.05.29"]
[Round "5"]
[White "Bokros, Albert"]
[Black "Ostovic, Matija"]
[Result "1/2-1/2"]
[WhiteElo "2480"]
[BlackElo "2352"]
[Annotator "TA"]
[PlyCount "61"]
[EventDate "2018.??.??"]
[EventType "swiss"]
[EventCountry "HUN"]
[SourceTitle "playchess.com"]
[Source "ChessBase"]
[SourceQuality "1"]

{[%evp 20,61,37,14,25,0,15,14,55,47,33,14,89,38,52,49,28,20,25,-10,-13,-17,-17,-23,-18,-27,30,45,50,33,62,42,29,37,41,27,78,23,87,0,0,0,0,0]} 1. e4 c5 2. Nf3 d6 3. d4 cxd4 4. Nxd4 Nf6 5. Nc3 a6 6. h3 e6 7. g4 d5 8. exd5 Nxd5 9. Bd2 {B81: Sicilian Scheveningen: Keres Attack} (9. Nde2 Bb4 10. Bg2 O-O 11. O-O Nxc3 12. Nxc3 Qc7 13. Qd4 Nc6 14. Bxc6 Bxc3 15. Qxc3 bxc6 16. Be3 e5 17. Rae1 Bd7 18. Bc5 {½-½ (62) Fedoseev,V (2665)-Kokarev,D (2636) Novosibirsk 2016}) 9... Nc6 10. Nxc6 bxc6 11. Bg2 {LiveBook: 5 Games. White is slightly better.} Be7 12. O-O O-O 13. Ne2 $146 ({Predecessor:} 13. Qe2 a5 14. Na4 Bb7 15. c4 Nb6 16. Nxb6 Qxb6 {½-½ (50) Snuverink,J (2357)-Weller,M (2200) Maastricht 2014}) 13... Bf6 14. c4 Ne7 15. Qc2 Qb6 (15... Rb8 $11 16. Rab1 h6) 16. Rab1 (16. Be3 $16 Qc7 17. Rad1) 16... Ng6 17. Be3 Qc7 18. f4 Bb7 19. c5 a5 20. g5 Be7 21. Nd4 Rad8 22. Rbe1 Rd7 (22... Rfe8 $142) 23. f5 $36 {[%mdl 2048] White is pushing.} exf5 24. Nxf5 {[#] And now Qc3 would win.} Rfd8 $1 25. Qc3 {[%csl Gf5][%cal Rc3g7]} Bf8 $1 26. Bd4 Rxd4 $1 27. Nxd4 Nf4 (27... Ba6 $1 $11) 28. Rf2 (28. Re4 $16 Nxg2 29. Kxg2) 28... g6 (28... Nd5 $11 {remains equal.} 29. Bxd5 Rxd5) 29. Ref1 (29. h4 $16) 29... Ba6 $1 {[%cal Ra6f1]} 30. Rxf4 Bxf1 31. Rxf1 {Precision: White = 40%, Black = 40%.} 1/2-1/2

[Event "37th Zalakaros Festival 2018"]
[Site "Zalakaros"]
[Date "2018.05.29"]
[Round "5"]
[White "Astaneh Lopez, Alex"]
[Black "Hardicsay, Peter"]
[Result "0-1"]
[WhiteElo "2446"]
[BlackElo "2211"]
[Annotator "TA"]
[PlyCount "124"]
[EventDate "2018.??.??"]
[EventType "swiss"]
[EventCountry "HUN"]
[SourceTitle "playchess.com"]
[Source "ChessBase"]
[SourceQuality "1"]

{[%evp 20,124,15,16,58,46,60,49,55,55,50,51,45,29,56,38,67,62,58,66,47,20,81,59,152,38,148,0,152,149,153,74,86,81,60,68,82,25,40,37,40,43,83,75,110,115,110,79,74,76,210,208,220,212,210,221,373,368,359,334,381,381,366,153,138,-114,-91,-539,-535,-977,-949,-1052,-993,-12839,-12839,-12839,-12839,-29986,-640,-29993,-6129,-29993,-1261,-12828,-12790,-1544,-447,-437,-369,-427,-414,-2437,-841,-12843,-683,-12843,-12843,-12843,-816,-830,-825,-804,-806,-1120,-1112,-1073,-1070]} 1. d4 Nf6 2. c4 e6 3. Nf3 c5 4. d5 exd5 5. cxd5 d6 6. Nc3 g6 7. h3 Bg7 8. Bf4 {A61: Modern Benoni: Nf3 without early e4} O-O 9. e3 Na6 (9... Qe7 10. Nd2 Nh5 11. Bh2 f5 12. Be2 f4 13. O-O fxe3 14. Nde4 exf2+ 15. Kh1 Bxc3 16. Nxc3 {0-1 (49) Xiong,J (2665)-Caruana,F (2804) Saint Louis 2018}) 10. Bc4 Nc7 11. O-O {LiveBook: 4 Games} b6 $146 ({Predecessor:} 11... Re8 12. Nd2 a6 13. a4 b6 14. Bb3 Rb8 15. Nc4 Bf8 {1-0 (54) Beradze,I (2460)-Pantsulaia,L (2607) Tbilisi 2017}) 12. Re1 a6 13. a4 Rb8 14. e4 {And now e5 would win.} b5 15. axb5 axb5 16. Bf1 {Strongly threatening e5.} Rb6 17. Ra7 b4 18. Na4 Rb7 19. Rxb7 Bxb7 20. Bh2 Nfe8 (20... Re8 $11 {keeps the balance.}) 21. b3 h6 (21... Na8 $14) 22. Nd2 (22. Bc4 $16) 22... Bd4 (22... Nf6 $14) 23. Nf3 Bg7 24. Bc4 Kh7 25. e5 (25. Qd3 $142) 25... dxe5 $16 26. Nxc5 Bxd5 27. Nxe5 Nf6 $1 28. Ncd3 (28. Qc1 $16) 28... Qa8 $11 29. Qa1 Qb7 30. Qa5 Bxc4 31. bxc4 b3 {Black wants to play ...Ra8.} 32. Nc5 Qc8 33. Nxb3 Ne6 34. Qb5 Nh5 (34... Qa8 $16) 35. c5 $1 $18 Nhf4 36. Nd7 Rd8 37. c6 {Threatens to win with Bxf4.} Kg8 $2 (37... Qc7 {might work better.} 38. Ndc5 Nxc5) 38. Qb7 Nd5 39. Ndc5 Nxc5 40. Nxc5 Re8 {[%cal Re8e1]} 41. Rb1 (41. Rxe8+ $18 {has better winning chances.} Qxe8 42. Bg3) 41... Qf5 $16 {Hoping for ...Bd4.} 42. Rf1 $2 {[%mdl 8192]} (42. Rc1 $1 $16) 42... Bd4 $40 {[%mdl 1152] Black has strong compensation. Black has strong attack.} 43. Bd6 $2 {[%mdl 8192] [#]} (43. Bg3 $17 Bxc5 44. c7) 43... Re1 $1 $19 {[%cal Re1f1][%mdl 512]} 44. Qa8+ (44. Rxe1 Qxf2+) 44... Kh7 45. Qa2 Nc3 {[%cal Bd5c3,Bc3e2,Be2g3][%mdl 32]} 46. Qd2 Ne2+ 47. Kh2 Rxf1 48. Nd3 Rxf2 (48... Bxf2 $142 49. Qxe2 Bg1+ 50. Kh1 Bc5+ 51. Kh2 Bg1+ 52. Kh1 Rb1 53. Bb4 Bc5+ 54. Be1 Bb6 55. c7 Bxc7 56. Kg1 Bb6+ 57. Kh1 Bd4 58. Qf3 Qxf3 59. gxf3 Rd1 60. Kg2 Rxd3 61. h4 Kg7 62. Ba5 Kf6 63. Be1 Kf5 64. Bg3 h5 65. Bc7 Rd2+ 66. Kh3 Be5 67. Bxe5 Kxe5 68. Kg3 f5 69. f4+ Ke4 70. Kh3 Ke3 71. Kg3 Re2 72. Kh3 Kf2 73. Kh2 Re1 74. Kh3 Rh1#) 49. c7 {[#]} Qd7 (49... Rxg2+ $142 $1 50. Kxg2 Qd5+ 51. Kf1 Qf3+ 52. Ke1 Nc3 53. Qxh6+ Kxh6 54. Bf4+ Kh7 55. c8=Q Qe2#) 50. c8=N {[#]} Ng3 (50... Rxg2+ $142 $1 {[%mdl 512]} 51. Kxg2 Qc6+ 52. Kf1 Qf3+ 53. Ke1 Nc3 54. Qxh6+ Kxh6 55. Bf4+ Kh7 56. h4 Qe2#) 51. Qb4 Nf1+ 52. Kh1 {[#]} Qxc8 (52... Rxg2 $142 $1 {[%mdl 512]} 53. Kxg2 Ne3+ 54. Kf2 Nc2+ 55. Qxd4 Nxd4) 53. Qxd4 Rf5 54. Be5 Qe8 55. g4 (55. Qb2 $142) 55... Rf3 (55... Qa8+ $142 56. Kg1 {[#]} Nd2 $1 {[%mdl 512]} 57. gxf5 Nf3+ 58. Kf1 Nxd4 59. Bxd4 Qe4 60. fxg6+ fxg6) 56. Nc5 Qa8 (56... Ne3 $142 57. Bh8 Nf5) 57. Kg1 Ne3 {( -> ...Rf1+)} 58. Ne4 Qa2 (58... Qa6 $142 59. Nf6+ Rxf6 60. Qxe3 Qf1+ 61. Kh2 Rf2+ 62. Qxf2 Qxf2+ 63. Kh1 Qe1+ 64. Kg2 Qxe5 65. Kf3 f5 66. gxf5 gxf5 67. h4 Kg6 68. Kf2 f4 69. Kf1 f3 70. Kf2 Qe2+ 71. Kg3 Kf5 72. h5 Qg2+ 73. Kh4 Qh2#) 59. Qb2 Qxb2 60. Bxb2 g5 61. Nf6+ Kg6 62. Nd7 Rf1+ {Precision: White = 30%, Black = 43%.} 0-1

[Event "37th Zalakaros Festival 2018"]
[Site "Zalakaros"]
[Date "2018.05.29"]
[Round "5"]
[White "Chakravarthi Reddy, M."]
[Black "Sonnberger, Thomas"]
[Result "1-0"]
[WhiteElo "2443"]
[BlackElo "2186"]
[Annotator "TA"]
[PlyCount "53"]
[EventDate "2018.??.??"]
[EventType "swiss"]
[EventCountry "HUN"]
[SourceTitle "playchess.com"]
[Source "ChessBase"]
[SourceQuality "1"]

{[%evp 12,53,51,54,81,50,95,105,155,168,217,204,227,205,205,193,275,187,291,292,350,356,369,357,378,362,367,360,361,337,359,327,366,358,350,347,586,541,540,477,898,839,29979,29980]} 1. d4 c5 2. d5 e6 3. c4 exd5 4. cxd5 d6 5. Nc3 g6 6. Nf3 {[%cal Bg1f3,Bf3d2,Bd2c4][%mdl 32] A43: Alt-Benoni} a6 7. a4 {LiveBook: 47 Partien} Nh6 $146 ({Vorgänger:} 7... Bg7 8. g3 Nh6 9. Nd2 f5 10. Nc4 Nf7 11. a5 Nd7 12. Bg2 O-O 13. O-O Rb8 {0-1 (37) Kopylov,M (2424)-Rapport,R (2686) Germany 2017}) 8. Nd2 {Weiß steht besser.} f6 9. Nc4 b6 10. Qb3 Nd7 11. Bxh6 $1 Bxh6 12. Nxd6+ Kf8 13. Nxc8 Rxc8 (13... Qxc8 {war einen Versuch wert.} 14. e3 Qc7) 14. e4 Ne5 (14... Ra8 {war nötig.} 15. Rd1 Kg7) 15. Bxa6 $18 c4 16. Qa3+ Rc5 17. O-O Kg7 18. Ne2 Re8 19. Nd4 Qd6 20. Qg3 Kh8 21. Ne6 Rxe6 22. dxe6 Qxe6 23. Rad1 Nd3 $2 {[#]} (23... Bf8 24. f4 Nf7) 24. Bxc4 $1 Rxc4 25. Qxd3 Rxe4 (25... Bf8 $142 26. Qd8 Kg8) 26. Qd8+ Kg7 27. Rd7+ {Precision: Weiß = 85%, Schwarz = 29%.} 1-0

[Event "37th Zalakaros Festival 2018"]
[Site "Zalakaros"]
[Date "2018.05.29"]
[Round "5"]
[White "Meszaros, Tamas"]
[Black "Chubar, Vladimir"]
[Result "1-0"]
[WhiteElo "2407"]
[BlackElo "2011"]
[Annotator "NA"]
[PlyCount "101"]
[EventDate "2018.??.??"]
[EventType "swiss"]
[EventCountry "HUN"]
[SourceTitle "playchess.com"]
[Source "ChessBase"]
[SourceQuality "1"]
[TimeControl "40/5400+30:1800+30"]

1. e4 {[%emt 0:00:03]} e6 {[%emt 0:05:12]} 2. d4 {[%emt 0:00:07]} d5 {[%emt 0:00:16]} 3. Nd2 {[%emt 0:00:11]} dxe4 {[%emt 0:00:51]} 4. Nxe4 {[%emt 0:00:07]} Bd7 {[%emt 0:00:59]} 5. Nf3 {[%emt 0:00:10]} Bc6 {[%emt 0:00:13]} 6. Bd3 {[%emt 0:00:06]} Nd7 {[%emt 0:00:42]} 7. Qe2 {[%emt 0:00:10]} Be7 {[%emt 0:00:33]} 8. Neg5 {[%emt 0:00:13]} Bxf3 {[%emt 0:05:52]} 9. Nxf3 {[%emt 0:02:52]} Ngf6 {[%emt 0:00:40]} 10. O-O {[%emt 0:00:27]} O-O {[%emt 0:01:00]} 11. c4 {[%emt 0:00:15]} c6 {[%emt 0:04:00]} 12. b3 {[%emt 0:01:31]} a5 {[%emt 0:02:19]} 13. a3 {[%emt 0:02:15]} Re8 {[%emt 0:02:41]} 14. Bb2 {[%emt 0:00:42]} g6 {[%emt 0:01:10]} 15. Bc3 {[%emt 0:17:59]} Nh5 {[%emt 0:02:37]} 16. g3 {[%emt 0:00:44]} Qb6 {[%emt 0:04:10]} 17. Qb2 {[%emt 0:12:18]} Bf6 {[%emt 0:04:29]} 18. Ne5 {[%emt 0:17:55]} Nxe5 {[%emt 0:04:22]} 19. dxe5 {[%emt 0:00:04]} Be7 {[%emt 0:00:55]} 20. b4 {[%emt 0:02:28]} axb4 {[%emt 0:06:18]} 21. axb4 {[%emt 0:00:05]} Rxa1 {[%emt 0:00:23]} 22. Rxa1 {[%emt 0:00:05]} Rd8 {[%emt 0:00:55]} 23. Be4 {[%emt 0:05:44]} Ng7 {[%emt 0:04:34]} 24. Qa3 {[%emt 0:12:22]} Nf5 {[%emt 0:03:38]} 25. Qa7 {[%emt 0:04:05]} Qc7 {[%emt 0:01:58]} 26. Kg2 {[%emt 0:01:35]} Rd7 {[%emt 0:05:13]} 27. Qa5 {[%emt 0:09:53]} Kg7 {[%emt 0:06:36]} 28. Qxc7 {[%emt 0:03:24]} Rxc7 {[%emt 0:00:05]} 29. Ra7 {[%emt 0:04:54]} Bf8 {[%emt 0:01:13]} 30. Ra8 {[%emt 0:01:44]} b5 {[%emt 0:02:56]} 31. c5 {[%emt 0:00:28]} Ne7 {[%emt 0:00:09]} 32. Bd2 {[%emt 0:00:26]} h6 {[%emt 0:00:17]} 33. Bxh6+ {[%emt 0:00:26]} Kxh6 {[%emt 0:00:06]} 34. Rxf8 {[%emt 0:00:03]} Nd5 {[%emt 0:02:03]} 35. Bxd5 {[%emt 0:00:26]} exd5 {[%emt 0:00:18]} 36. Rd8 {[%emt 0:01:08]} Kg5 {[%emt 0:00:10]} 37. f4+ {[%emt 0:00:10]} Kf5 {[%emt 0:00:02]} 38. Kf3 {[%emt 0:00:09]} Ra7 {[%emt 0:00:32]} 39. g4+ {[%emt 0:00:11]} Ke6 {[%emt 0:00:02]} 40. Rd6+ {[%emt 0:00:00]} Ke7 {[%emt 0:00:06]} 41. f5 {[%emt 0:10:28]} g5 {[%emt 0:02:56]} 42. f6+ {[%emt 0:00:10]} Ke8 {[%emt 0:00:07]} 43. Rxc6 {[%emt 0:00:03]} Ra3+ {[%emt 0:01:16]} 44. Kf2 {[%emt 0:00:08]} Rb3 {[%emt 0:01:22]} 45. Rc7 {[%emt 0:04:16]} Rxb4 {[%emt 0:00:48]} 46. c6 {[%emt 0:01:07]} Kd8 {[%emt 0:00:44]} 47. Rxf7 {[%emt 0:00:14]} Rxg4 {[%emt 0:00:40]} 48. e6 {[%emt 0:00:37]} Rf4+ {[%emt 0:00:56]} 49. Kg3 {[%emt 0:00:04]} Re4 {[%emt 0:01:36]} 50. Rd7+ {[%emt 0:00:05]} Kc8 {[%emt 0:00:08]} 51. f7 {[%emt 0:00:05]} 1-0

[Event "37th Zalakaros Festival 2018"]
[Site "Zalakaros"]
[Date "2018.05.29"]
[Round "5"]
[White "Fancsy, Imre"]
[Black "Jamrich, Gyorgy"]
[Result "1/2-1/2"]
[WhiteElo "2388"]
[BlackElo "2213"]
[Annotator "NA"]
[PlyCount "87"]
[EventDate "2018.??.??"]
[EventType "swiss"]
[EventCountry "HUN"]
[SourceTitle "playchess.com"]
[Source "ChessBase"]
[SourceQuality "1"]
[TimeControl "40/5400+30:1800+30"]

1. Nf3 {[%emt 0:06:17]} d5 {[%emt 0:00:38]} 2. c4 {[%emt 0:00:30]} c6 {[%emt 0:00:41]} 3. g3 {[%emt 0:03:13]} dxc4 {[%emt 0:00:58]} 4. Bg2 {[%emt 0:00:48]} Nd7 {[%emt 0:00:15] A11: English Opening: 1...c6} 5. O-O {[%emt 0:06:27]} Nb6 {[%emt 0:02:15]} 6. a4 {[%emt 0:05:00]} a5 {[%emt 0:00:07]} 7. Na3 {[%emt 0:04:18]} Nf6 {[%emt 0:13:48]} 8. Qc2 {[%emt 0:02:08]} Bg4 {[%emt 0:06:48]} ({Predecessor:} 8... g6 9. Nxc4 Nxc4 10. Qxc4 Bg7 11. d3 O-O 12. Bd2 Nd5 13. Qc1 Qb6 14. Bc3 {½-½ (54) Pantsulaia,L (2595)-Grachev,B (2705) Plovdiv 2012}) 9. Nxc4 {[%emt 0:01:46]} Nxc4 {[%emt 0:00:22]} 10. Qxc4 {[%emt 0:00:05]} Bxf3 {[%emt 0:01:16]} 11. Bxf3 {[%emt 0:00:27]} e6 {[%emt 0:00:07]} 12. d4 {[%emt 0:05:06]} Bb4 {[%emt 0:00:41]} 13. e4 {[%emt 0:05:39]} O-O {[%emt 0:02:00]} 14. Be3 {[%emt 0:05:45]} Qe7 {[%emt 0:03:43]} 15. h3 {[%emt 0:03:58]} Rfe8 {[%emt 0:05:07]} 16. Bg2 {[%emt 0:06:54]} e5 {[%emt 0:04:12]} 17. dxe5 {[%emt 0:09:33]} Qxe5 {[%emt 0:01:08]} 18. Bd4 {[%emt 0:02:35]} Qe6 {[%emt 0:00:08]} 19. Qxe6 {[%emt 0:04:26]} fxe6 {[%emt 0:07:58]} 20. Rfd1 {[%emt 0:05:52]} Rad8 {[%emt 0:01:25]} 21. Bb6 {[%emt 0:02:15]} Rd7 {[%emt 0:03:18]} 22. f3 {[%emt 0:00:21]} Ree7 {[%emt 0:00:46]} 23. Bf1 {[%emt 0:04:35]} Rxd1 {[%emt 0:00:20]} 24. Rxd1 {[%emt 0:00:01]} Rd7 {[%emt 0:00:07]} 25. Be2 {[%emt 0:01:27]} Rxd1+ {[%emt 0:01:19]} 26. Bxd1 {[%emt 0:00:13]} Nd7 {[%emt 0:00:06]} 27. Bc7 {[%emt 0:00:55]} Kf7 {[%emt 0:02:49]} 28. f4 {[%emt 0:02:34]} Ke7 {[%emt 0:02:19]} 29. Bc2 {[%emt 0:00:15]} Bc5+ {[%emt 0:01:30]} 30. Kg2 {[%emt 0:01:42]} Bb6 {[%emt 0:00:05]} 31. Bxb6 {[%emt 0:00:59]} Nxb6 {[%emt 0:00:05]} 32. Kf3 {[%emt 0:01:36]} Nc4 {[%emt 0:05:22]} 33. b3 {[%emt 0:00:47]} Nb6 {[%emt 0:06:26]} 34. e5 {[%emt 0:00:34]} h6 {[%emt 0:00:13]} 35. Ke3 {[%emt 0:01:24]} Nd5+ {[%emt 0:03:25]} 36. Kd4 {[%emt 0:00:28]} b6 {[%emt 0:01:26]} 37. Be4 {[%emt 0:00:39]} Nb4 {[%emt 0:11:04]} 38. h4 {[%emt 0:03:01]} Kf7 {[%emt 0:00:35]} 39. h5 {[%emt 0:03:49]} Ke7 {[%emt 0:00:10]} 40. g4 {[%emt 0:00:00]} Kf7 $1 {[%emt 0:00:20]} 41. Bg6+ {[%emt 0:11:47]} (41. f5 $16) 41... Ke7 {[%emt 0:02:21]} 42. Be4 {[%emt 0:14:51]} (42. Bd3 $16) 42... Kf7 {[%emt 0:00:24]} 43. Bh7 {[%emt 0:01:04]} Nd5 $14 {[%emt 0:00:33]} 44. Bg6+ $1 {[%emt 0:02:23]} 1/2-1/2

[Event "37th Zalakaros Festival 2018"]
[Site "Zalakaros"]
[Date "2018.05.29"]
[Round "5"]
[White "Szeberenyi, Adam"]
[Black "Czupor, Attila"]
[Result "1-0"]
[WhiteElo "2372"]
[BlackElo "2209"]
[Annotator "NA"]
[PlyCount "67"]
[EventDate "2018.??.??"]
[EventType "swiss"]
[EventCountry "HUN"]
[SourceTitle "playchess.com"]
[Source "ChessBase"]
[SourceQuality "1"]
[TimeControl "40/5400+30:1800+30"]

1. d4 {[%emt 0:00:04]} d5 {[%emt 0:00:54]} 2. c4 {[%emt 0:00:56]} c6 {[%emt 0:00:32]} 3. e3 {[%emt 0:00:37]} Nf6 {[%emt 0:00:28]} 4. Nf3 {[%emt 0:00:05]} e6 {[%emt 0:00:57]} 5. Bd3 {[%emt 0:01:17]} Nbd7 {[%emt 0:01:42]} 6. Nbd2 {[%emt 0:00:11]} Bd6 {[%emt 0:01:04]} 7. O-O {[%emt 0:01:15]} O-O {[%emt 0:00:40]} 8. e4 {[%emt 0:00:22]} e5 {[%emt 0:02:43]} 9. cxd5 {[%emt 0:01:40]} cxd5 {[%emt 0:00:13]} 10. exd5 {[%emt 0:00:11]} exd4 {[%emt 0:00:14]} 11. Ne4 {[%emt 0:00:06]} Nxe4 {[%emt 0:01:05]} 12. Bxe4 {[%emt 0:00:08]} Nf6 {[%emt 0:01:30]} 13. Bg5 {[%emt 0:04:20]} Be7 {[%emt 0:08:59]} 14. Bc2 {[%emt 0:04:43]} h6 {[%emt 0:09:35]} 15. Bh4 {[%emt 0:01:04]} Nxd5 {[%emt 0:01:12]} 16. Bxe7 {[%emt 0:03:11]} Nxe7 {[%emt 0:00:52]} 17. Qxd4 {[%emt 0:01:01]} Be6 {[%emt 0:09:40]} 18. Rfe1 {[%emt 0:07:31]} Re8 {[%emt 0:09:32]} 19. Ba4 {[%emt 0:09:10]} Nc6 {[%emt 0:06:43]} 20. Qc5 {[%emt 0:19:47]} Qb6 {[%emt 0:03:18]} 21. Qxb6 {[%emt 0:01:37]} axb6 {[%emt 0:00:05]} 22. Bb5 {[%emt 0:00:13]} Red8 {[%emt 0:02:54]} 23. a3 {[%emt 0:04:03]} Na5 {[%emt 0:07:10]} 24. Rac1 {[%emt 0:03:36]} Rac8 {[%emt 0:04:58]} 25. Rxc8 {[%emt 0:01:23]} Rxc8 {[%emt 0:00:06]} 26. Nd4 {[%emt 0:00:29]} Bd5 {[%emt 0:01:11]} 27. Nf5 {[%emt 0:03:21]} Rc5 {[%emt 0:02:38]} 28. b4 {[%emt 0:00:28]} Rxb5 {[%emt 0:01:46]} 29. Nd6 {[%emt 0:01:45]} Rc5 {[%emt 0:02:14]} 30. bxc5 {[%emt 0:00:26]} bxc5 {[%emt 0:00:09]} 31. Re5 {[%emt 0:00:39]} Bc6 {[%emt 0:01:21]} 32. Rxc5 {[%emt 0:00:19]} Nb3 {[%emt 0:00:07]} 33. Re5 {[%emt 0:03:16]} Kf8 {[%emt 0:00:43]} 34. Nxb7 {[%emt 0:00:34] Ke7} 1-0

[Event "37th Zalakaros Festival 2018"]
[Site "Zalakaros"]
[Date "2018.05.29"]
[Round "5"]
[White "Srinath, Rao S V"]
[Black "Galyas, Miklos"]
[Result "0-1"]
[WhiteElo "2363"]
[BlackElo "2508"]
[Annotator "TA RC"]
[PlyCount "72"]
[EventDate "2018.??.??"]
[EventType "swiss"]
[EventCountry "HUN"]
[SourceTitle "playchess.com"]
[Source "ChessBase"]
[SourceQuality "1"]

{[%evp 23,72,0,0,0,0,0,18,18,17,18,20,16,26,0,13,0,0,-49,-27,-67,-66,-90,-78,-123,-97,-96,-95,-89,-122,-149,-135,-262,-262,-280,-260,-314,-298,-406,-410,-402,-395,-508,-498,-558,-556,-548,-547,-661,-416,-660,-652]} 1. e4 c5 2. c3 d5 3. exd5 Qxd5 4. d4 Nf6 5. Nf3 e6 6. Na3 {[%cal Bb1a3,Ba3b5,Bb5d6][%mdl 32]} Nc6 7. Nb5 Qd8 8. dxc5 Bxc5 9. Qxd8+ Kxd8 10. b4 {B22: Sizilianisch (Alapin 2.c3)} (10. Bf4 Ne4 11. Rd1+ Ke7 12. Nbd4 Nxd4 13. Nxd4 Bd6 14. Bc1 e5 15. Bd3 Nxc3 16. bxc3 exd4 17. O-O Be6 18. cxd4 Bxa2 {0-1 (41) Fernandez,D (2505)-Alekseev,E (2617) Batumi 2018}) 10... Bb6 11. Nd6 Ke7 12. Nc4 Ne4 {LiveBook: 19 Partien} 13. b5 {[#] zielt auf La3+ ab.} Na5 ({Doch nicht} 13... Bxf2+ $6 14. Ke2 $16) 14. Ba3+ Ke8 $146 ({Vorgänger:} 14... Kf6 15. Nxb6 axb6 16. Bb2 Ke7 17. Be2 f6 {½-½ (60) Feuerstack,A (2404)-Reshetnikov,A (2478) Moscow 2011}) 15. Nxb6 axb6 16. Bb4 Nb3 17. Rb1 Nbc5 18. a3 f6 19. Be2 e5 20. O-O Be6 21. Rfe1 Kf7 $36 {[%mdl 2048] Schwarz hat gut koordiniertes Spiel.} 22. Bd1 Rhd8 23. a4 Nd6 24. Bc2 Bf5 25. Bxf5 Nxf5 26. g4 Ne7 27. a5 (27. Bxc5 $17 {kämpft weiter.} bxc5 28. Ra1) 27... Nd3 $19 28. Re3 bxa5 29. Ba3 Rac8 30. Rd1 Nf4 31. Rxd8 Rxd8 32. c4 h5 33. Bxe7 Kxe7 34. gxh5 Rd1+ 35. Re1 Rxe1+ 36. Nxe1 Kd6 {Precision: Weiß = 29%, Schwarz = 93%.} 0-1